aza-Michaelova adícia v syntéze pokročilých intermediátov prípravy 3-deoxyceramidov

Saved in:
Bibliographic Details
Main Author: Diškancová, Lucia (Author)
Other Authors: Berkeš, Dušan, 1957- (Thesis advisor)
Format: Manuscript Book
Language:Slovak
Published: 2015
Subjects:
Online Access:http://is.stuba.sk/zp/portal_zp.pl?podrobnosti=113145
Tags: Add Tag
No Tags, Be the first to tag this record!

MARC

LEADER 00000ntm a22000003a 4500
001 stuzp53070
003 SK-STU
005 20160719154353.7
007 ta
008 150427s2015----xo-----f-mn---000-0-slo-d
040 |a STU  |b slo 
041 0 |a slo 
100 1 |a Diškancová, Lucia  |u 048140  |4 aut  |U FCHPT Ústav organickej chémie, katalýzy a petrochémie  |T FCHPT Oddelenie organickej chémie  |X 43367  |U C8140  |Y 124  |7 43367 
242 0 1 |a aza-Michael addition in the synthesis of advanced intermediates for preparing 3-deoxyceramides  |y eng 
245 1 0 |a aza-Michaelova adícia v syntéze pokročilých intermediátov prípravy 3-deoxyceramidov 
260 |c 2015 
650 4 |a gama-oxo-alfa-aminokyseliny  |2 slo 
650 4 |a omega-substituované alkanoylakrylové kyseliny  |2 slo 
650 4 |a 3-deoxyceramidy  |2 slo 
650 4 |a aza-Michaelova adícia  |2 slo 
650 4 |a aza-Michael addition  |2 eng 
650 4 |a gamma-oxo-alpha-amino acids  |2 eng 
650 4 |a omega-substituted alkanoyl acrylic acids  |2 eng 
650 4 |a 3-deoxyceramides  |2 eng 
700 1 |a Berkeš, Dušan,  |d 1957-  |4 ths  |X 3351  |7 A000003351 
856 4 |u http://is.stuba.sk/zp/portal_zp.pl?podrobnosti=113145 
SQL |a stuzp53070  |b DDP  |c SLO  |d aza-Michaelova adícia v syntéze pokročilých intermediátov prípravy 3-deoxyceramidov  |e 43367  |f Diškancová, Lucia  |g 048140  |h 3351  |i Berkeš, Dušan  |j 20150608  |k 127  |l 04  |m http://is.stuba.sk/zp/portal_zp.pl?podrobnosti=113145  |n I-oTCHEM  |o 4.1.14. chémia, 5.2.18. chemické technológie